God Was in Christ (Record no. 18403)

MARC details
000 -LEADER
fixed length control field 00643nam a2200241 a 4500
020 ## - INTERNATIONAL STANDARD BOOK NUMBER
ISBN
082 00 - DEWEY DECIMAL CLASSIFICATION NUMBER
Classification number 232.2
Author Cutter BAI
100 ## - MAIN ENTRY--AUTHOR NAME
Author name Baillie, D M
245 ## - TITLE STATEMENT
Title God Was in Christ
Sub title an Essay on Incarnation and Atonement
260 ## - PUBLICATION, DISTRIBUTION, ETC. (IMPRINT)
Place of publication New York
Name of publisher Charles Scribner`s Sons,
Year of publication 1948
300 ## - PHYSICAL DESCRIPTION
Number of Pages 230p
500 ## - GENERAL NOTE
General note includes index and biblioraphy
505 2# - FORMATTED CONTENTS NOTE
Formatted contents note Appendix to Chaptwer 2 and 3, Index
650 ## - SUBJECT ADDED ENTRY--TOPICAL TERM
Topical Term Jesus Christ-Divinity
942 ## - ADDED ENTRY ELEMENTS (KOHA)
Koha item type Books
700 1# -
-- Baillie, D M
Holdings
Home library Current library Date acquired Cost, normal purchase price Full call number Accession Number Koha item type
Henry Martyn Institute Library Henry Martyn Institute Library 04/17/2018 100.00 232.1 BAI 11001261 Archive Book
Henry Martyn Institute Library Henry Martyn Institute Library 04/17/2018 168.00 232.1 BAI 11001271 Archive Book
                   Copyright © 2026 | Henry Martyn Institute | Hyderabad | TS-500052 | INDIA | Implemented by hmi.edu.in
Hit-Count:

Powered by Koha